Digital Arizona State Hospital scrapbook (Record no. 390)

MARC details
000 -LEADER
fixed length control field 00650nam a2200157 a 4500
005 - DATE AND TIME OF LATEST TRANSACTION
control field 20260322212018.0
008 - FIXED-LENGTH DATA ELEMENTS--GENERAL INFORMATION
fixed length control field data
099 ## - LOCAL FREE-TEXT CALL NUMBER (OCLC)
Classification number A/V 120
001 - CONTROL NUMBER
control field data
245 10 - TITLE STATEMENT
Title Digital Arizona State Hospital scrapbook
260 ## - PUBLICATION, DISTRIBUTION, ETC.
Place of publication, distribution, etc. Phoenix, AZ
300 ## - PHYSICAL DESCRIPTION
Other physical details 4 CD-ROMs
520 ## - SUMMARY, ETC.
Summary, etc. This is a digital surrogate of a scrapbook formerly held at the Arizona State Hospital library. It includes high resolution JPGs of each page as well as a searchable PDF of the full book. The book primarily contains newspaper clippings related to the Arizona State Hospital from 1953-1958.
650 #0 - SUBJECT ADDED ENTRY--TOPICAL TERM
Topical term or geographic name entry element Psychiatric hospitals
General subdivision History
650 #0 - SUBJECT ADDED ENTRY--TOPICAL TERM
Topical term or geographic name entry element Mental health services
General subdivision History
Holdings
Withdrawn status Lost status Damaged status Not for loan Home library Current library Shelving location Date acquired Total checkouts Full call number Barcode Date due Date last seen Date last checked out Price effective from Koha item type
        Franklin Centerville General stacks 22/03/2026 2 GEN BC0010400 30/04/2026 16/04/2026 16/04/2026 22/03/2026 Books